Brand Logos Featuring Animals - Statistics

General Stats
  • This quiz has been taken 27,463 times
    27,388 since last reset
  • The average score is 14 of 20
Answer Stats
Picture Answer % Correct
Red Bull
99%
Puma
98%
Firefox
96%
Jurassic Park
94%
Ferrari
93%
JetPunk
92%
PlayBoy
87%
Duolingo
83%
Lacoste
81%
Nestle
75%
John Deere
73%
Lamborghini
71%
Mustang
65%
World Wide Fund
65%
English Premier League
55%
Crocs
51%
Qantas
48%
Barclays
39%
ING
38%
Swarovski
36%
No matching quizzes found
Score Distribution
Percent of People with Each Score
Percentile by Number Answered
Your Score History
You have not taken this quiz since the last reset